Guidance Control of a Missile with Noisy Inertial Sensors / (Record no. 593993)
[ view plain ]
| 000 -LEADER | |
|---|---|
| fixed length control field | 00349nam a22001217a 4500 |
| 020 ## - INTERNATIONAL STANDARD BOOK NUMBER | |
| International Standard Book Number | 9783639243222 |
| 082 ## - DEWEY DECIMAL CLASSIFICATION NUMBER | |
| Classification number | 620 |
| Author Mark | YIL |
| 100 ## - MAIN ENTRY--PERSONAL NAME | |
| Personal name | Yildirim, Ali Galip |
| 9 (RLIN) | 110971 |
| 245 ## - TITLE STATEMENT | |
| Title | Guidance Control of a Missile with Noisy Inertial Sensors / |
| Statement of responsibility, etc. | Ali Galip Yildirim, |
| 260 ## - PUBLICATION, DISTRIBUTION, ETC. | |
| Place of publication, distribution, etc. | USA ; |
| Name of publisher, distributor, etc. | VDM, |
| Date of publication, distribution, etc. | 2010. |
| 300 ## - PHYSICAL DESCRIPTION | |
| Extent | 152p. ; |
| Other physical details | Paperback, |
| 942 ## - ADDED ENTRY ELEMENTS (KOHA) | |
| Source of classification or shelving scheme | |
| Koha item type | Book |
| Withdrawn status | Lost status | Source of classification or shelving scheme | Damaged status | Not for loan | Permanent Location | Current Location | Shelving location | Date acquired | Full call number | Barcode | Date last seen | Price effective from | Koha item type |
|---|---|---|---|---|---|---|---|---|---|---|---|---|---|
| School of Mechanical & Manufacturing Engineering (SMME) | School of Mechanical & Manufacturing Engineering (SMME) | Aerospace Engineering | 03/21/2023 | 620 YIL | SMME-4168 | 03/21/2023 | 03/21/2023 | Book |
